000 01199pam a2200337 a 4500
999 _c30260
_d30260
003 BJBSDDR
005 20230410104018.0
007 ta
008 840208s1984 nyua b 001 0 eng
020 _a0810913674
035 _a1895298
040 _aDLC
_cDLC
_bspa
041 _aEng
043 _an-us---
050 1 4 _aCD 3023
_bV795n 1984
082 0 0 _a027.573
_219
100 1 _aViola, Herman J.
245 1 4 _aThe National Archives of the United States /
_cHerman J. Viola ; original photographs, Jonathan Wallen ; forew., Robert M. Warner ; introd., David McCullough.
260 _aNew York :
_bHarry N. Abrams,
_c1984.
300 _a282, [2] p. :
_bill. (some col.) ;
_c29 cm.
500 _aIncludes index.
504 _aIncluye referencias bibliográficas (páginas 284) e índice.
610 1 0 _aUnited States.
_bNational Archives and Records Service.
610 2 4 _aEstados Unidos.
_bArchivos Nacionales y Servicio de Registros.
650 4 _97652
_aArchivos nacionales
_zEstados Unidos
700 1 _97654
_aWallen, Jonathan
_efotógrafo
700 1 _97655
_aWarner, Robert M.
_eprologuista
700 1 _97656
_aMcCullough, David
_eintroducción
942 _2lcc
_cBK
946 _advf